| 000 -LEADER |
| fixed length control field |
00423nam a22001577a 4500 |
| 008 - FIXED-LENGTH DATA ELEMENTS--GENERAL INFORMATION |
| fixed length control field |
200724b 2003 ||||| |||| 00| 0 eng d |
| 082 ## - DEWEY DECIMAL CLASSIFICATION NUMBER |
| Classification number |
294.59212 |
| Item number |
SAM |
| 245 ## - TITLE STATEMENT |
| Title |
Samvedabhashyam |
| 260 ## - PUBLICATION, DISTRIBUTION, ETC. (IMPRINT) |
| Place of publication, distribution, etc |
New Delhi |
| Name of publisher, distributor, etc |
Manav Utthan Sankalpa Sansthan |
| Date of publication, distribution, etc |
2003 |
| 300 ## - PHYSICAL DESCRIPTION |
| Extent |
448 p. |
| 650 ## - SUBJECT ADDED ENTRY--TOPICAL TERM |
| Topical term or geographic name as entry element |
Hindu Vedas |
| 650 ## - SUBJECT ADDED ENTRY--TOPICAL TERM |
| Topical term or geographic name as entry element |
Samved |
| 650 ## - SUBJECT ADDED ENTRY--TOPICAL TERM |
| Topical term or geographic name as entry element |
Vedanta |
| 700 ## - ADDED ENTRY--PERSONAL NAME |
| Personal name |
Vidyamartand, Swami Bramhamuni Parivrajak |
| Relator term |
Speaker |
| 942 ## - ADDED ENTRY ELEMENTS (KOHA) |
| Item type |
Books |